ბათუმის შოთა რუსთაველის სახელმწიფო უნივერსიტეტის ბიბლიოთეკა

ქართული ენის სახელის მორფოლოგიური ანალიზი / (ბიბ.ჩანაწერი № 52684)

000 -ლიდერი
ფიქსირებული სიგრძის საკონტროლო ველი 01297nam a2200289Ia 4500
001 - საკონტროლო ნომერი
საკონტროლო ველი 19708
003 - საკონტროლო ნომრის იდენტიფიკატორი
საკონტროლო ველი GE_BSU
005 - ბოლო ოპერაციის თარიღი და დრო
საკონტროლო ველი 20200405205644.0
008 - ფიქსირებული სიგრძის მონაცემთა ელემენტები - ზოგადი ინფორმაცია
ფიქსირებული სიგრძის საკონტროლო ველი 181216s1986||||ge |||||||||||||| ||geo||
040 ## - კატალოგიზაციის წყარო
Transcribing agency GE_BSU
041 ## - ენის კოდი
Language code of text/sound track or separate title geo
080 ## - უნივერსალური ათობითი კლასიფიკაციის ინდექსი
Universal Decimal Classification number 811.353.1'367.622 უ-30
100 ## - მთავარი ჩანაწერი - პიროვნების სახელი
Personal name უთურგაიძე, თ.
9 (RLIN) 7216
245 ## - ცნობა სათაურის შესახებ
Title ქართული ენის სახელის მორფოლოგიური ანალიზი /
Statement of responsibility, etc თ. უთურგაიძე ; რედ. ზ. ჯაფარიძე.
260 ## - გამოქვეყნების, გავრცელების, და სხვა. ცნობები
Place of publication, distribution, etc თბილისი
260 ## - გამოქვეყნების, გავრცელების, და სხვა. ცნობები
Name of publisher, distributor, etc მეცნიერება
260 ## - გამოქვეყნების, გავრცელების, და სხვა. ცნობები
Date of publication, distribution, etc 1986
300 ## - ფიზიკური აღწერა
Extent 138 გვ. ;
Dimensions 21 სმ.
520 ## - SUMMARY, ETC.
Summary, etc რეზიუმე რუსულად
653 ## - INDEX TERM--UNCONTROLLED
Uncontrolled term არსებითი სახელი ქართულ ენაში
653 ## - INDEX TERM--UNCONTROLLED
Uncontrolled term ქართული ენა
653 ## - INDEX TERM--UNCONTROLLED
Uncontrolled term ქართული ენის სახელის მორფოლოგიური ანალიზი
700 ## - ADDED ENTRY--PERSONAL NAME
Personal name ჯაფარიძე, ზ.
Relator term რედაქტორი
9 (RLIN) 7684
710 ## - ADDED ENTRY--CORPORATE NAME
Corporate name or jurisdiction name as entry element საქ. სსრ მეცნ. აკადემიის ენათმეცნიერების ინსტიტუტი
9 (RLIN) 7851
942 ## - ADDED ENTRY ELEMENTS (KOHA)
Koha item type წიგნი
Source of classification or shelving scheme
ეგზემპლარები
ჩამოწერის სტატუსი დაკარგული ეგზემპლარის სტატუსი კლასიფიკაციის წყარო ან თაროზე გაწყობის სქემა დაზიანების სტატუსი არ გაიცემა მუდმივი მდებარეობა (დაცვის ადგილი) ამჟამინდელი ადგილსამყოფელი თაროზე განთავსების ადგილი შეძენის თარიღი ღირებულება, შესყიდვის ნორმალური ფასი სრული შენახვის შიფრი შტრიხკოდი ბოლო ოპერაციის თარიღი ეგზემპლარის მიმდევრობითი ნომერი (კეტერი?) ფასის ძალაში შესვლის თარიღი ეგზემპლარის სახეობა საჯარო შენიშვნა
          ბათუმის შოთა რუსთაველის სახელმწიფო უნივერსიტეტის მთავარი ბიბლიოთეკა ბათუმის შოთა რუსთაველის სახელმწიფო უნივერსიტეტის მთავარი ბიბლიოთეკა წიგნსაცავი 2018-12-17 4.00 811.353.1'367.622 უ-30 52023 2018-12-17 52023 2018-12-17 წიგნი 4.00 ლ.